000 00831nam a22001937a 4500
003 MX-MxUPN
005 20250930121130.0
008 250902s1989 mx ||||fr|||| 100 0 spa d
040 _aMX-MxUPN
_bspa
_cMxUPN
050 1 4 _aLB2301
_bC6 1989
111 _aConferencia Regional de Comisiones Nacionales de la Unesco de América Latina y el Caribe
_n(9a.:
_d1989:
_cRío de Janeiro)
_958039
245 1 0 _aIXa. Conferencia Regional de Comisiones Nacionales de la Unesco de América Latina y el Caribe
260 _aMéxico :
_bComisión Nacional de los Estados Unidos Mexicanos para la Unesco, Secretaría General,
_c1989.
300 _a 1 volumen en varias páginaciones
610 2 4 _aUnesco
_zAmerica Latina
_vCongresos
_956465
650 1 4 _aEducación
_vCongresos
_96108
902 _aBerenice Martínez/020825
942 _2lcc
_cLIBRO
999 _c213954
_d213954